| 000 -LEADER |
| fixed length control field |
00325nam a2200133Ia 4500 |
| 008 - FIXED-LENGTH DATA ELEMENTS--GENERAL INFORMATION |
| fixed length control field |
190723s9999 xx 000 0 und d |
| 020 ## - INTERNATIONAL STANDARD BOOK NUMBER |
| International Standard Book Number |
978-81-265-6469-9 |
| 100 ## - MAIN ENTRY--PERSONAL NAME |
| Personal name |
Richard A. Defusco |
| 245 #0 - TITLE STATEMENT |
| Title |
Quantitative Investment analysis |
| 250 ## - EDITION STATEMENT |
| Edition statement |
3rd |
| 260 ## - PUBLICATION, DISTRIBUTION, ETC. (IMPRINT) |
| Place of publication, distribution, etc |
New Delhi |
| Name of publisher, distributor, etc |
Wiley |
| Date of publication, distribution, etc |
2017 |
| 300 ## - PHYSICAL DESCRIPTION |
| Extent |
609.:p |
| 942 ## - ADDED ENTRY ELEMENTS (KOHA) |
| Koha item type |
Books |